|
|
|
|
| LEADER |
00000nam0a2200000 4500 |
| 001 |
66777 |
| 005 |
20231031072759.0 |
| 035 |
|
|
|a (RuTPU)RU\TPU\book\71008
|
| 090 |
|
|
|a 66777
|
| 100 |
|
|
|a 20040907d1968 km y0rusy50 ca
|
| 101 |
0 |
|
|a rus
|
| 102 |
|
|
|a RU
|
| 105 |
|
|
|a y z 001zy
|
| 200 |
1 |
|
|a Расчет оснований зданий и сооружений по предельным состояниям
|f Б. И. Далматов
|
| 210 |
|
|
|a Ленинград
|c Стройиздат
|d 1968
|
| 215 |
|
|
|a 144 с.
|
| 320 |
|
|
|a Библиогр.: с. 138-139
|
| 600 |
|
1 |
|a Далматов
|b Б. И.
|g Борис Иванович
|
| 610 |
1 |
|
|a строительная механика
|
| 610 |
1 |
|
|a основания
|
| 610 |
1 |
|
|a здания
|
| 610 |
1 |
|
|a сооружения
|
| 610 |
1 |
|
|a расчет
|
| 610 |
1 |
|
|a грунты
|
| 610 |
1 |
|
|a осадка
|
| 675 |
|
|
|a 624.15.0012
|v 3
|
| 700 |
|
1 |
|a Далматов
|b Б. И.
|g Борис Иванович
|
| 801 |
|
1 |
|a RU
|b 63413507
|c 20040907
|g PSBO
|
| 801 |
|
2 |
|a RU
|b 63413507
|c 20220922
|g PSBO
|
| 942 |
|
|
|c BK
|